000 00637nam a2200241Ia 4500
003 OSt
005 20221007071255.0
006 a|||||r|||| 00| 0
007 ta
008 221006b |||||||| |||| 00| 0 eng d
024 _a25,108
037 _cTextual
040 _aFLL
_cFLL
_beng
041 _2eng
_aeng
082 _aZ3:94, G6
100 _aGattie V. R. M.
_9688433
245 0 _aPrinciples of circumstantial evidence
250 _a7th
260 _aLondon
_bButterworth & Co. Ltd. UK
_c1936
300 _axlvii,530,38p
_ccm.
942 _hZ3:94, G6
_cTEXL
_2CC
999 _c1142917
_d1142917